000 00360nam a2200133 i 4500
001 bg
100 1 _aMULAK, Grażyna
245 0 _aMetoda stacjonarnej fazy w oszacowaniu amplitudy fali ugiętej przez hologram /
_cGrażyna Mulak.
260 _aWrocław,
_c1991.
040 _cBPK
041 _apol
942 _cKS
008 s pl f |000 0 pol
999 _c29487
_d29487
856 _uhttp://koha.tu.koszalin.pl/cgi-bin/koha/opac-detail.pl?biblionumber=29487
_yKatalog online BPK